| 000 | 00783nam a2200241Ia 4500 | ||
|---|---|---|---|
| 001 | 8507 | ||
| 003 | CO-ViMGA | ||
| 005 | 20260312153050.0 | ||
| 008 | 180103s2017 ck 000 0 spa d | ||
| 020 | _a9789586654678 | ||
| 040 |
_aCO-ViMGA _bspa _cCO-ViMGA |
||
| 084 | _aNG AUL1 | ||
| 100 | 1 |
_aAuladell, Pablo, _d1972- _962389 |
|
| 245 | 1 | 0 |
_aEl Paraíso perdido _cPablo Auladell ; basado en la obra de John Milton. |
| 250 | _aEdición especial. | ||
| 300 |
_a314 páginas _bilustraciones a color |
||
| 490 | _aPlan Nacional de Lectura y Escritura Leer es mi Cuento / Ministerio de Cultura | ||
| 650 | 1 | 4 |
_a Literatura española _9489 |
| 650 | 1 | 4 | _aAdaptaciones literarias |
| 650 | 1 | 4 |
_aNovela gráfica española _ySiglo XX _969383 |
| 650 | 1 | 4 |
_aPecado en la literatura _969384 |
| 942 |
_2ddc _cBK |
||
| 999 |
_c8507 _d8507 |
||